LIBRARY & INFORMATION CENTRE, KCAET, TAVANUR

ONLINE PUBLIC ACCESS CATALOGUE (OPAC)

Bhagvan budh / (Record no. 3034)

MARC details
000 -LEADER
fixed length control field 00417cam a2200181ua 4500
041 ## - LANGUAGE CODE
Language code of text/sound track or separate title hin
082 ## - DEWEY DECIMAL CLASSIFICATION NUMBER
Classification number 891.43
Item number DAR/BH
100 ## - MAIN ENTRY--AUTHOR NAME
Personal name Darmanand , Kosambi .
245 ## - TITLE STATEMENT
Title Bhagvan budh /
250 ## - EDITION STATEMENT
Edition statement 1 /
260 ## - PUBLICATION, DISTRIBUTION, ETC. (IMPRINT)
Place of publication :
Name of publisher Rajkamal Prakashan ,
Year of publication 1956.
300 ## - PHYSICAL DESCRIPTION
Number of Pages 399 ; .
942 ## - ADDED ENTRY ELEMENTS (KOHA)
Koha item type Books
Holdings
Withdrawn status Lost status Damaged status Home library Current library Date acquired Full call number Accession Number Koha item type
Withdrawn     KAUAET Sanskrit University 07/04/2012 891.43 2193 Books
free website counter